Smartphone Security; Classifying, organizing and Correlating smartphone defenses from existing knowledge base / (Record no. 529983)
[ view plain ]
| 000 -LEADER | |
|---|---|
| fixed length control field | 00614nam a22001697a 4500 |
| 020 ## - INTERNATIONAL STANDARD BOOK NUMBER | |
| Qualifying information | Hard Cover. |
| 082 ## - DEWEY DECIMAL CLASSIFICATION NUMBER | |
| Classification number | 005 |
| 100 ## - MAIN ENTRY--PERSONAL NAME | |
| Personal name | Ali, Muhamamd |
| 245 ## - TITLE STATEMENT | |
| Title | Smartphone Security; Classifying, organizing and Correlating smartphone defenses from existing knowledge base / |
| Statement of responsibility, etc. | Muhamamd Ali. |
| 260 ## - PUBLICATION, DISTRIBUTION, ETC. | |
| Place of publication, distribution, etc. | Islamabad: |
| Name of publisher, distributor, etc. | SEECS - NUST, |
| Date of publication, distribution, etc. | 2014. |
| 300 ## - PHYSICAL DESCRIPTION | |
| Extent | ix, 61 p. : ill. ; |
| Dimensions | 30cm. |
| 650 ## - SUBJECT ADDED ENTRY--TOPICAL TERM | |
| Topical term or geographic name entry element | MS Thesis Computer Science. |
| 700 ## - ADDED ENTRY--PERSONAL NAME | |
| Personal name | Dr. mZahid Anwar. |
| 856 ## - Uniform Resource Identifier | |
| Uniform Resource Identifier | <a href="http://10.250.8.41:8080/xmlui/handle/123456789/6680">http://10.250.8.41:8080/xmlui/handle/123456789/6680</a> |
| 942 ## - ADDED ENTRY ELEMENTS (KOHA) | |
| Source of classification or shelving scheme | |
| Koha item type | Thesis |
| 650 ## - SUBJECT ADDED ENTRY--TOPICAL TERM | |
| -- | 23151 |
| 700 ## - ADDED ENTRY--PERSONAL NAME | |
| -- | 23152 |
| Withdrawn status | Lost status | Source of classification or shelving scheme | Damaged status | Not for loan | Permanent Location | Current Location | Shelving location | Date acquired | Full call number | Barcode | Date last seen | Price effective from | Non-public note | Koha item type |
|---|---|---|---|---|---|---|---|---|---|---|---|---|---|---|
| Central Library (CL) | Central Library (CL) | Thesis | 10/08/2019 | 005 | CL-T-3783 | 10/08/2019 | 10/08/2019 | Minute Sheet No. 0929/02/CL/Survey/5 dated 23rd April 2024 E-MIN ID 114741 | Thesis | |||||
| Central Library (CL) | Central Library (CL) | Thesis | 12/12/2019 | 005 | CL-T-4234 | 12/12/2019 | 12/12/2019 | Minute Sheet No. 0929/02/CL/Survey/5 dated 23rd April 2024 E-MIN ID 114741 | Thesis |
